[Event "CZE Extraliga 2019-20"]
[Site "Czech Republic"]
[Date "2019.12.01"]
[Round "4.2"]
[White "Pulpan, Jakub"]
[Black "Ftacnik, Lubomir"]
[Result "1/2-1/2"]
[WhiteElo "2421"]
[BlackElo "2520"]
[Annotator "ChessBase"]
[PlyCount "62"]
[EventDate "2019.09.15"]
[EventType "team-tourn"]
[EventCountry "CZE"]
[SourceTitle "playchess.com"]
[Source "ChessBase"]
[SourceQuality "1"]
[WhiteTeam "Praha"]
[BlackTeam "Turnov "]
[TimeControl "40/5400+30:1800+30"]

1. Nf3 {[%emt 0:00:05]} Nf6 {[%emt 0:00:00]} 2. b3 {[%emt 0:00:11]} c5 {[%emt 0:01:03]} 3. Bb2 {[%emt 0:00:32]} Nc6 {[%emt 0:00:24]} 4. e3 {[%emt 0:03:44]} g6 {[%emt 0:00:24]} 5. c4 {[%emt 0:01:57]} Bg7 {[%emt 0:00:18]} 6. Be2 {[%emt 0:03:08]} O-O {[%emt 0:00:18]} 7. O-O {[%emt 0:00:47]} d5 {[%emt 0:05:34]} 8. cxd5 {[%emt 0:00:14]} Qxd5 {[%emt 0:00:15]} 9. Nc3 {[%emt 0:01:01]} Qf5 {[%emt 0:00:34]} 10. Qb1 {[%emt 0:05:20]} Rd8 {[%emt 0:02:53]} 11. Qxf5 {[%emt 0:06:32]} Bxf5 {[%emt 0:00:36]} 12. Na4 {[%emt 0:01:45]} b6 {[%emt 0:03:12]} 13. d4 {[%emt 0:06:57]} cxd4 {[%emt 0:06:35]} 14. Nxd4 {[%emt 0:01:32]} Nxd4 {[%emt 0:06:05]} 15. Bxd4 {[%emt 0:00:11]} Nd5 {[%emt 0:20:38]} 16. Bxg7 {[%emt 0:15:06]} Kxg7 {[%emt 0:00:04]} 17. Bf3 {[%emt 0:14:44]} Be6 {[%emt 0:00:12]} 18. Rac1 {[%emt 0:14:31]} Rac8 {[%emt 0:01:31]} 19. Rxc8 {[%emt 0:02:00]} Rxc8 {[%emt 0:00:31]} 20. Bxd5 {[%emt 0:00:47]} Bxd5 {[%emt 0:00:10]} 21. f3 {[%emt 0:00:52]} f5 {[%emt 0:17:35]} 22. Rd1 {[%emt 0:01:19]} Be6 {[%emt 0:01:29]} 23. Rd2 {[%emt 0:00:11]} g5 {[%emt 0:04:24]} 24. Kf2 {[%emt 0:01:36]} Kf6 {[%emt 0:03:11]} 25. Nb2 {[%emt 0:02:23]} Rc3 {[%emt 0:06:28]} 26. Nd3 {[%emt 0:00:35]} a5 {[%emt 0:00:45]} 27. Ne1 {[%emt 0:01:23]} a4 {[%emt 0:11:22]} 28. bxa4 {[%emt 0:00:43]} Ra3 {[%emt 0:00:07]} 29. Rb2 {[%emt 0:07:33]} Rxa4 {[%emt 0:04:05]} 30. Rxb6 {[%emt 0:00:23]} Rxa2+ {[%emt 0:00:02]} 31. Kf1 {[%emt 0:00:16]} Kf7 {[%emt 0:00:58]} 1/2-1/2

[Event "CZE Extraliga 2019-20"]
[Site "Czech Republic"]
[Date "2019.12.03"]
[Round "4.3"]
[White "Stocek, Jiri"]
[Black "Anton Guijarro, David"]
[Result "0-1"]
[WhiteElo "2570"]
[BlackElo "2686"]
[Annotator "ChessBase"]
[PlyCount "110"]
[EventDate "2019.09.15"]
[EventType "team-tourn"]
[EventCountry "CZE"]
[SourceTitle "playchess.com"]
[Source "ChessBase"]
[SourceQuality "1"]
[WhiteTeam "Brno"]
[BlackTeam "Novoborsky"]
[WhiteTeamCountry "CZE"]
[BlackTeamCountry "ESP"]
[TimeControl "40/5400+30:1800+30"]

1. d4 {[%emt 0:00:07]} Nf6 {[%emt 0:00:19]} 2. Nf3 {[%emt 0:01:12]} d5 {[%emt 0:00:51]} 3. c4 {[%emt 0:01:20]} e6 {[%emt 0:01:25]} 4. Nc3 {[%emt 0:01:23]} c6 {[%emt 0:01:37]} 5. Qd3 {[%emt 0:06:36]} dxc4 {[%emt 0:13:44]} 6. Qxc4 {[%emt 0:00:49]} b5 {[%emt 0:00:14]} 7. Qd3 {[%emt 0:00:47]} Bb7 {[%emt 0:03:19]} 8. e4 {[%emt 0:02:21]} b4 {[%emt 0:00:48]} 9. Na4 {[%emt 0:00:16]} Qa5 {[%emt 0:01:34]} 10. b3 {[%emt 0:00:29]} c5 {[%emt 0:01:10]} 11. e5 {[%emt 0:05:21]} Ba6 {[%emt 0:04:05]} 12. Qc2 {[%emt 0:03:33]} Bxf1 {[%emt 0:02:49]} 13. Rxf1 {[%emt 0:07:44]} Nd5 {[%emt 0:01:43]} 14. Bd2 {[%emt 0:05:35]} Nd7 {[%emt 0:07:12]} 15. Rc1 {[%emt 0:04:40]} Rc8 {[%emt 0:04:07]} 16. Ng5 {[%emt 0:13:23]} N5b6 {[%emt 0:11:18]} 17. Nxb6 {[%emt 0:02:14]} Nxb6 {[%emt 0:02:46]} 18. Qd3 {[%emt 0:09:53]} Be7 {[%emt 0:03:31]} 19. Ke2 {[%emt 0:03:38]} Rd8 {[%emt 0:05:54]} 20. a3 {[%emt 0:08:44]} cxd4 {[%emt 0:07:56]} 21. f4 {[%emt 0:01:25]} Nd5 {[%emt 0:02:55]} 22. axb4 {[%emt 0:00:55]} Bxb4 {[%emt 0:01:57]} 23. Ra1 {[%emt 0:02:24]} Qb6 {[%emt 0:02:22]} 24. Qa6 {[%emt 0:10:20]} d3+ {[%emt 0:04:34]} 25. Kd1 {[%emt 0:00:10]} Qxa6 {[%emt 0:08:25]} 26. Rxa6 {[%emt 0:00:07]} Rb8 {[%emt 0:00:39]} 27. f5 {[%emt 0:02:41]} exf5 {[%emt 0:00:41]} 28. e6 {[%emt 0:01:28]} f6 {[%emt 0:00:51]} 29. Nf7 {[%emt 0:00:33]} O-O {[%emt 0:01:21]} 30. Rxf5 {[%emt 0:00:39]} Nc7 {[%emt 0:01:06]} 31. Rc6 {[%emt 0:04:43]} Nxe6 {[%emt 0:04:17]} 32. Nh6+ {[%emt 0:00:30]} gxh6 {[%emt 0:00:30]} 33. Rxe6 {[%emt 0:00:30]} Kg7 {[%emt 0:00:30]} 34. Rd5 {[%emt 0:00:30]} Bxd2 {[%emt 0:00:30]} 35. Kxd2 {[%emt 0:00:30]} Rxb3 {[%emt 0:00:30]} 36. Ra6 {[%emt 0:00:30]} Rf7 {[%emt 0:00:30]} 37. Ra2 {[%emt 0:00:30]} Rfb7 {[%emt 0:00:30]} 38. Rda5 {[%emt 0:00:30]} Kg6 {[%emt 0:00:30]} 39. h4 {[%emt 0:00:30]} h5 {[%emt 0:00:30]} 40. Rxa7 {[%emt 0:00:30]} Rxa7 {[%emt 0:00:30]} 41. Rxa7 {[%emt 0:30:30]} Rb2+ {[%emt 0:30:30]} 42. Kxd3 {[%emt 0:00:30]} Rxg2 {[%emt 0:00:30]} 43. Ra1 {[%emt 0:00:30]} Rg4 {[%emt 0:00:30]} 44. Rh1 {[%emt 0:00:30]} Kf5 {[%emt 0:00:30]} 45. Ke2 {[%emt 0:00:30]} Ra4 {[%emt 0:00:30]} 46. Rf1+ {[%emt 0:00:30]} Rf4 {[%emt 0:00:30]} 47. Rh1 {[%emt 0:00:30]} Kg4 {[%emt 0:00:30]} 48. Rg1+ {[%emt 0:00:30]} Kxh4 {[%emt 0:00:30]} 49. Rg7 {[%emt 0:00:30]} Kh3 {[%emt 0:00:30]} 50. Rxh7 {[%emt 0:00:30]} h4 {[%emt 0:00:30]} 51. Rg7 {[%emt 0:00:30]} Kh2 {[%emt 0:00:30]} 52. Ke3 {[%emt 0:00:30]} Rf5 {[%emt 0:00:30]} 53. Ke4 {[%emt 0:00:30]} Rf1 {[%emt 0:00:30]} 54. Rg6 {[%emt 0:00:30]} h3 {[%emt 0:00:30]} 55. Ke3 {[%emt 0:00:30]} Kh1 {[%emt 0:00:30]} 0-1

[Event "CZE Extraliga 2019-20"]
[Site "Czech Republic"]
[Date "2019.12.01"]
[Round "4.3"]
[White "Shevchenko, Kirill"]
[Black "Druska, Juraj"]
[Result "1-0"]
[WhiteElo "2541"]
[BlackElo "2472"]
[Annotator "ChessBase"]
[PlyCount "57"]
[EventDate "2019.09.15"]
[EventType "team-tourn"]
[EventCountry "CZE"]
[SourceTitle "playchess.com"]
[Source "ChessBase"]
[SourceQuality "1"]
[WhiteTeam "Pardubice "]
[BlackTeam "Siesta Solution Unichess "]
[TimeControl "40/5400+30:1800+30"]

1. e4 {[%emt 0:00:00]} e6 {[%emt 0:02:25]} 2. d4 {[%emt 0:00:00]} d5 {[%emt 0:00:07]} 3. Nc3 {[%emt 0:00:00]} Nf6 {[%emt 0:00:59]} 4. e5 {[%emt 0:00:12]} Nfd7 {[%emt 0:00:06]} 5. f4 {[%emt 0:00:12]} c5 {[%emt 0:00:06]} 6. Nf3 {[%emt 0:00:04]} Nc6 {[%emt 0:00:05]} 7. Be3 {[%emt 0:00:06]} Be7 {[%emt 0:00:05]} 8. Qd2 {[%emt 0:01:35]} O-O {[%emt 0:00:09]} 9. dxc5 {[%emt 0:00:03]} Qa5 {[%emt 0:00:05]} 10. O-O-O {[%emt 0:03:23]} b6 {[%emt 0:00:04]} 11. Bb5 {[%emt 0:01:14]} Nb4 {[%emt 0:00:24]} 12. a3 {[%emt 0:02:31]} bxc5 {[%emt 0:00:28]} 13. Kb1 {[%emt 0:01:45]} Nb6 {[%emt 0:44:37]} 14. f5 {[%emt 0:28:28]} d4 {[%emt 0:14:12]} 15. Bxd4 {[%emt 0:13:57]} cxd4 {[%emt 0:01:44]} 16. Nxd4 {[%emt 0:03:54]} Rd8 {[%emt 0:01:57]} 17. f6 {[%emt 0:11:50]} Bf8 {[%emt 0:10:47]} 18. fxg7 {[%emt 0:05:32]} Be7 {[%emt 0:00:24]} 19. Qh6 {[%emt 0:05:02]} Rxd4 {[%emt 0:16:28]} 20. Rxd4 {[%emt 0:03:09]} N6d5 {[%emt 0:00:06]} 21. Rxd5 {[%emt 0:09:36]} exd5 {[%emt 0:00:15]} 22. axb4 {[%emt 0:00:11]} Qb6 {[%emt 0:00:48]} 23. Bc6 {[%emt 0:02:04]} Bg5 {[%emt 0:03:48]} 24. Qd6 {[%emt 0:01:48]} Bb7 {[%emt 0:00:06]} 25. Bxd5 {[%emt 0:02:02]} Qxd6 {[%emt 0:01:08]} 26. exd6 {[%emt 0:00:01]} Bxd5 {[%emt 0:00:05]} 27. Nxd5 {[%emt 0:00:03]} Rd8 {[%emt 0:00:09]} 28. Ne7+ {[%emt 0:02:39]} Kxg7 {[%emt 0:00:16]} 29. c4 {[%emt 0:00:44]} 1-0

[Event "CZE Extraliga 2019-20"]
[Site "Czech Republic"]
[Date "2019.12.01"]
[Round "4.3"]
[White "Jakubowski, Krzysztof"]
[Black "Antoniewski, Rafal"]
[Result "1/2-1/2"]
[WhiteElo "2509"]
[BlackElo "2497"]
[Annotator "TA"]
[PlyCount "28"]
[EventDate "2019.09.15"]
[EventType "team-tourn"]
[EventCountry "CZE"]
[SourceTitle "playchess.com"]
[Source "ChessBase"]
[SourceQuality "1"]
[WhiteTeam "Poruba "]
[BlackTeam "Frydek-Mistek"]

{[%evp 9,28,0,28,17,8,12,20,0,0,-1,0,0,0,0,12,4,10,7,2,0,0]} 1. e4 c6 2. d4 d5 3. exd5 cxd5 4. Bf4 Nc6 5. c3 Nf6 6. Nd2 $146 {B13: Caro-Kann: Exchange Variation and Panov-Botvinnik Attack} ({Predecessor:} 6. Nf3 Bf5 {½-½ (13) Jakubowski,K (2571)-Iturrizaga Bonelli,E (2625) Porto 2015}) 6... Bf5 {The position is equal.} 7. Ngf3 e6 8. Nh4 Bg4 9. Be2 (9. Nhf3 {seems wilder.} Bf5) 9... Bxe2 10. Qxe2 Ne4 {[#] White must now prevent ...Nxd2.} 11. Nhf3 Nxd2 12. Qxd2 Bd6 13. O-O O-O 14. Rfe1 Rb8 1/2-1/2

[Event "CZE Extraliga 2019-20"]
[Site "Czech Republic"]
[Date "2019.12.01"]
[Round "4.3"]
[White "Kraus, Tomas"]
[Black "Carlsson, Pontus"]
[Result "0-1"]
[WhiteElo "2473"]
[BlackElo "2447"]
[Annotator "ChessBase"]
[PlyCount "80"]
[EventDate "2019.09.15"]
[EventType "team-tourn"]
[EventCountry "CZE"]
[SourceTitle "playchess.com"]
[Source "ChessBase"]
[SourceQuality "1"]
[WhiteTeam "Turnov "]
[BlackTeam "Praha"]
[TimeControl "40/5400+30:1800+30"]

1. d4 {[%emt 0:00:00]} Nf6 {[%emt 0:09:58]} 2. c4 {[%emt 0:00:13]} e6 {[%emt 0:00:06]} 3. Nf3 {[%emt 0:00:34]} b6 {[%emt 0:01:32]} 4. a3 {[%emt 0:01:17]} Ba6 {[%emt 0:00:44]} 5. Qc2 {[%emt 0:00:58]} Bb7 {[%emt 0:01:09]} 6. Nc3 {[%emt 0:00:16]} c5 {[%emt 0:00:34]} 7. e4 {[%emt 0:00:21]} cxd4 {[%emt 0:00:32]} 8. Nxd4 {[%emt 0:00:05]} d6 {[%emt 0:05:04]} 9. Be2 {[%emt 0:01:40]} Be7 {[%emt 0:05:19]} 10. Be3 {[%emt 0:02:24]} O-O {[%emt 0:15:47]} 11. O-O {[%emt 0:01:07]} a6 {[%emt 0:07:00]} 12. Rad1 {[%emt 0:01:19]} Qc7 {[%emt 0:03:03]} 13. f4 {[%emt 0:00:25]} Nbd7 {[%emt 0:03:57]} 14. g4 {[%emt 0:01:19]} Nc5 {[%emt 0:17:34]} 15. Bf3 {[%emt 0:00:05]} Rfc8 {[%emt 0:13:06]} 16. g5 {[%emt 0:03:06]} Ne8 {[%emt 0:00:46]} 17. Qg2 {[%emt 0:11:31]} g6 {[%emt 0:08:28]} 18. f5 {[%emt 0:04:50]} e5 {[%emt 0:02:17]} 19. Nc2 {[%emt 0:08:23]} b5 {[%emt 0:01:46]} 20. f6 {[%emt 0:22:39]} Bd8 {[%emt 0:00:19]} 21. Bg4 {[%emt 0:02:27]} Nxe4 {[%emt 0:00:35]} 22. Nd5 {[%emt 0:13:15]} Bxd5 {[%emt 0:00:51]} 23. Rxd5 {[%emt 0:00:27]} Qxc4 {[%emt 0:00:14]} 24. Nb4 {[%emt 0:01:38]} a5 {[%emt 0:00:46]} 25. Bxc8 {[%emt 0:04:42]} Rxc8 {[%emt 0:00:04]} 26. Rdd1 {[%emt 0:03:52]} axb4 {[%emt 0:00:03]} 27. Rc1 {[%emt 0:00:43]} Bb6 {[%emt 0:01:24]} 28. Rxc4 {[%emt 0:02:13]} Bxe3+ {[%emt 0:00:03]} 29. Kh1 {[%emt 0:00:02]} Rxc4 {[%emt 0:00:04]} 30. b3 {[%emt 0:02:30]} Rd4 {[%emt 0:00:18]} 31. h4 {[%emt 0:03:18]} h6 {[%emt 0:01:31]} 32. Qh3 {[%emt 0:01:12]} Bf4 {[%emt 0:00:33]} 33. Qc8 {[%emt 0:01:36]} Ng3+ {[%emt 0:00:29]} 34. Kg2 {[%emt 0:02:42]} Kf8 {[%emt 0:00:07]} 35. gxh6 {[%emt 0:00:42]} Rd2+ {[%emt 0:00:52]} 36. Kh3 {[%emt 0:01:21]} Nxf1 {[%emt 0:00:25]} 37. Qd8 {[%emt 0:02:40]} Rh2+ {[%emt 0:00:21]} 38. Kg4 {[%emt 0:00:02]} Ne3+ {[%emt 0:00:08]} 39. Kf3 {[%emt 0:00:04]} Nd5 {[%emt 0:01:09]} 40. h5 {[%emt 0:01:28]} Rxh5 {[%emt 0:00:23]} 0-1

[Event "CZE Extraliga 2019-20"]
[Site "Czech Republic"]
[Date "2019.12.01"]
[Round "4.3"]
[White "Blahynka, Martin"]
[Black "Yemelin, Vasily"]
[Result "1-0"]
[WhiteElo "2423"]
[BlackElo "2545"]
[Annotator "ChessBase"]
[PlyCount "87"]
[EventDate "2019.09.15"]
[EventType "team-tourn"]
[EventCountry "CZE"]
[SourceTitle "playchess.com"]
[Source "ChessBase"]
[SourceQuality "1"]
[WhiteTeam "Duras"]
[BlackTeam "Lysa nad Labem "]
[TimeControl "40/5400+30:1800+30"]

1. e4 {[%emt 0:00:00]} c5 {[%emt 0:00:01]} 2. Nf3 {[%emt 0:00:00]} Nc6 {[%emt 0:01:21]} 3. d4 {[%emt 0:00:00]} cxd4 {[%emt 0:00:06]} 4. Nxd4 {[%emt 0:00:00]} Qb6 {[%emt 0:02:11]} 5. Nb3 {[%emt 0:00:43]} Nf6 {[%emt 0:02:01]} 6. Nc3 {[%emt 0:01:02]} e6 {[%emt 0:00:06]} 7. Be3 {[%emt 0:01:38]} Qc7 {[%emt 0:00:14]} 8. Qd2 {[%emt 0:04:59]} a6 {[%emt 0:07:03]} 9. O-O-O {[%emt 0:01:02]} b5 {[%emt 0:02:40]} 10. f3 {[%emt 0:21:08]} Rb8 {[%emt 0:20:36]} 11. Bf4 {[%emt 0:31:33]} Ne5 {[%emt 0:01:51]} 12. Nd4 {[%emt 0:03:18]} b4 {[%emt 0:19:01]} 13. Na4 {[%emt 0:04:18]} Be7 {[%emt 0:05:59]} 14. g4 {[%emt 0:03:48]} d6 {[%emt 0:08:58]} 15. b3 {[%emt 0:00:04]} O-O {[%emt 0:02:13]} 16. g5 {[%emt 0:09:44]} Nfd7 {[%emt 0:09:44]} 17. h4 {[%emt 0:00:25]} Bb7 {[%emt 0:00:28]} 18. Kb1 {[%emt 0:03:18]} Nc5 {[%emt 0:01:02]} 19. Nxc5 {[%emt 0:00:48]} dxc5 {[%emt 0:00:45]} 20. Qh2 {[%emt 0:03:20]} Bd6 {[%emt 0:08:33]} 21. Ne2 {[%emt 0:00:11]} f6 {[%emt 0:00:04]} 22. gxf6 {[%emt 0:01:13]} gxf6 {[%emt 0:00:04]} 23. Bh3 {[%emt 0:03:16]} Qe7 {[%emt 0:01:30]} 24. Nc1 {[%emt 0:01:55]} Rbd8 {[%emt 0:03:32]} 25. Rhg1+ {[%emt 0:02:29]} Kf7 {[%emt 0:01:36]} 26. Rxd6 {[%emt 0:01:59]} Qxd6 {[%emt 0:00:05]} 27. Nd3 {[%emt 0:00:23]} Rg8 {[%emt 0:00:31]} 28. Nxe5+ {[%emt 0:00:41]} fxe5 {[%emt 0:00:13]} 29. Bg5 {[%emt 0:00:33]} Rdf8 {[%emt 0:01:30]} 30. Bg4 {[%emt 0:00:32]} Rg6 {[%emt 0:00:22]} 31. Bh5 {[%emt 0:00:28]} Kg8 {[%emt 0:00:27]} 32. Bxg6 {[%emt 0:00:15]} hxg6 {[%emt 0:00:04]} 33. h5 {[%emt 0:00:47]} Rxf3 {[%emt 0:01:07]} 34. hxg6 {[%emt 0:00:06]} Qc7 {[%emt 0:00:27]} 35. Rh1 {[%emt 0:00:59]} Qg7 {[%emt 0:00:12]} 36. Bh6 {[%emt 0:00:28]} Qf6 {[%emt 0:00:15]} 37. Bg5 {[%emt 0:00:16]} Qg7 {[%emt 0:00:41]} 38. Qh4 {[%emt 0:00:43]} c4 {[%emt 0:00:45]} 39. Bh6 {[%emt 0:00:31]} Qf6 {[%emt 0:00:30]} 40. Bg5 {[%emt 0:00:34]} Qg7 {[%emt 0:00:31]} 41. bxc4 {[%emt 0:04:14]} a5 {[%emt 0:00:36]} 42. Qh7+ {[%emt 0:08:43]} Qxh7 {[%emt 0:00:22]} 43. gxh7+ {[%emt 0:00:04]} Kh8 {[%emt 0:00:04]} 44. Rh6 {[%emt 0:00:07]} 1-0

[Event "CZE Extraliga 2019-20"]
[Site "Czech Republic"]
[Date "2019.12.01"]
[Round "4.3"]
[White "Velicka, Petr"]
[Black "Malinovsky, Karel"]
[Result "1/2-1/2"]
[WhiteElo "2420"]
[BlackElo "2478"]
[Annotator "ChessBase"]
[PlyCount "67"]
[EventDate "2019.09.15"]
[EventType "team-tourn"]
[EventCountry "CZE"]
[SourceTitle "playchess.com"]
[Source "ChessBase"]
[SourceQuality "1"]
[WhiteTeam " Ostrava"]
[BlackTeam "Kromeriz"]
[TimeControl "40/5400+30:1800+30"]

1. e4 {[%emt 0:00:00]} c5 {[%emt 0:00:00]} 2. Nf3 {[%emt 0:00:00]} g6 {[%emt 0:00:03]} 3. c4 {[%emt 0:00:00]} Nc6 {[%emt 0:00:23]} 4. d4 {[%emt 0:00:01]} cxd4 {[%emt 0:00:06]} 5. Nxd4 {[%emt 0:00:05]} Bg7 {[%emt 0:00:23]} 6. Be3 {[%emt 0:00:10]} Nf6 {[%emt 0:00:28]} 7. Nc3 {[%emt 0:00:07]} d6 {[%emt 0:00:41]} 8. Be2 {[%emt 0:00:40]} O-O {[%emt 0:00:41]} 9. O-O {[%emt 0:07:55]} Bd7 {[%emt 0:00:24]} 10. Nc2 {[%emt 0:00:14]} Rc8 {[%emt 0:01:58]} 11. Rc1 {[%emt 0:05:50]} Ne5 {[%emt 0:07:09]} 12. Na3 {[%emt 0:00:59]} a6 {[%emt 0:02:29]} 13. f3 {[%emt 0:01:37]} Be6 {[%emt 0:06:44]} 14. Nd5 {[%emt 0:02:49]} Bxd5 {[%emt 0:02:02]} 15. cxd5 {[%emt 0:04:33]} b5 {[%emt 0:02:43]} 16. Qd2 {[%emt 0:02:03]} Qd7 {[%emt 0:09:23]} 17. Nc2 {[%emt 0:04:04]} e6 {[%emt 0:11:15]} 18. Nb4 {[%emt 0:05:16]} exd5 {[%emt 0:09:56]} 19. Nxd5 {[%emt 0:00:46]} Nxd5 {[%emt 0:00:23]} 20. Qxd5 {[%emt 0:00:11]} Qe6 {[%emt 0:00:27]} 21. b3 {[%emt 0:10:00]} Qxd5 {[%emt 0:03:25]} 22. exd5 {[%emt 0:00:15]} Nd7 {[%emt 0:07:20]} 23. a4 {[%emt 0:06:24]} Rce8 {[%emt 0:06:59]} 24. Kf2 {[%emt 0:03:02]} Re5 {[%emt 0:00:56]} 25. f4 {[%emt 0:03:31]} Rxd5 {[%emt 0:01:59]} 26. axb5 {[%emt 0:00:09]} axb5 {[%emt 0:01:01]} 27. Rfd1 {[%emt 0:01:46]} Rxd1 {[%emt 0:02:13]} 28. Rxd1 {[%emt 0:00:33]} Nc5 {[%emt 0:00:17]} 29. b4 {[%emt 0:08:16]} Ne4+ {[%emt 0:03:37]} 30. Kf3 {[%emt 0:00:11]} Nc3 {[%emt 0:00:12]} 31. Rxd6 {[%emt 0:00:07]} Nxe2 {[%emt 0:03:04]} 32. Kxe2 {[%emt 0:00:06]} Re8 {[%emt 0:00:10]} 33. Rd5 {[%emt 0:03:20]} Bc3 {[%emt 0:01:18]} 34. Kd3 {[%emt 0:00:20]} 1/2-1/2

[Event "CZE Extraliga 2019-20"]
[Site "Czech Republic"]
[Date "2019.12.03"]
[Round "4.4"]
[White "Bartel, Mateusz"]
[Black "Heberla, Bartlomiej"]
[Result "1-0"]
[WhiteElo "2636"]
[BlackElo "2565"]
[Annotator "ChessBase"]
[PlyCount "94"]
[EventDate "2019.09.15"]
[EventType "team-tourn"]
[EventCountry "CZE"]
[SourceTitle "playchess.com"]
[Source "ChessBase"]
[SourceQuality "1"]
[WhiteTeam "Novoborsky"]
[BlackTeam "Brno"]
[WhiteTeamCountry "POL"]
[BlackTeamCountry "POL"]
[TimeControl "40/5400+30:1800+30"]

1. c4 {[%emt 0:00:00]} e5 {[%emt 0:00:00]} 2. Nc3 {[%emt 0:00:00]} Nf6 {[%emt 0:00:07]} 3. Nf3 {[%emt 0:00:00]} d6 {[%emt 0:00:08]} 4. g3 {[%emt 0:07:08]} Be7 {[%emt 0:00:29]} 5. d4 {[%emt 0:00:12]} Nbd7 {[%emt 0:00:05]} 6. Bg2 {[%emt 0:00:24]} c6 {[%emt 0:00:06]} 7. O-O {[%emt 0:00:46]} O-O {[%emt 0:00:04]} 8. Qc2 {[%emt 0:02:26]} a6 {[%emt 0:03:48]} 9. Rd1 {[%emt 0:01:39]} Qc7 {[%emt 0:00:07]} 10. Be3 {[%emt 0:11:49]} Re8 {[%emt 0:13:03]} 11. Rac1 {[%emt 0:00:36]} Bf8 {[%emt 0:05:14]} 12. h3 {[%emt 0:15:09]} b6 {[%emt 0:03:35]} 13. dxe5 {[%emt 0:07:18]} dxe5 {[%emt 0:01:47]} 14. Ng5 {[%emt 0:00:07]} Bb7 {[%emt 0:10:07]} 15. Qf5 {[%emt 0:05:12]} h6 {[%emt 0:08:37]} 16. Nh7 {[%emt 0:01:50]} Rad8 {[%emt 0:14:27]} 17. Nxf6+ {[%emt 0:02:18]} Nxf6 {[%emt 0:01:46]} 18. Bxh6 {[%emt 0:00:57]} Bc8 {[%emt 0:02:47]} 19. Qf3 {[%emt 0:00:12]} e4 {[%emt 0:00:24]} 20. Qf4 {[%emt 0:00:12]} Bd6 {[%emt 0:00:24]} 21. Qg5 {[%emt 0:02:57]} Bf8 {[%emt 0:00:05]} 22. Qh4 {[%emt 0:02:15]} gxh6 {[%emt 0:00:21]} 23. Qxf6 {[%emt 0:00:11]} Bg7 {[%emt 0:00:29]} 24. Rxd8 {[%emt 0:06:08]} Rxd8 {[%emt 0:00:52]} 25. Qh4 {[%emt 0:00:02]} e3 {[%emt 0:09:23]} 26. fxe3 {[%emt 0:00:55]} Re8 {[%emt 0:02:55]} 27. Ne4 {[%emt 0:08:36]} Bf5 {[%emt 0:14:59]} 28. Rd1 {[%emt 0:06:09]} Qe7 {[%emt 0:04:01]} 29. Qxe7 {[%emt 0:00:51]} Rxe7 {[%emt 0:00:01]} 30. Nd6 {[%emt 0:08:43]} Bg6 {[%emt 0:00:02]} 31. b3 {[%emt 0:00:38]} Rxe3 {[%emt 0:01:07]} 32. Kf2 {[%emt 0:00:07]} Re6 {[%emt 0:01:44]} 33. c5 {[%emt 0:01:55]} bxc5 {[%emt 0:01:22]} 34. Nc4 {[%emt 0:00:05]} Bc2 {[%emt 0:01:30]} 35. Rd8+ {[%emt 0:00:59]} Kh7 {[%emt 0:00:07]} 36. Ra8 {[%emt 0:00:11]} Bd4+ {[%emt 0:01:19]} 37. e3 {[%emt 0:01:33]} Bc3 {[%emt 0:00:01]} 38. Rxa6 {[%emt 0:00:27]} Bd3 {[%emt 0:00:17]} 39. Rxc6 {[%emt 0:00:09]} Rxc6 {[%emt 0:01:03]} 40. Bxc6 {[%emt 0:00:06]} Bxc4 {[%emt 0:00:13]} 41. bxc4 {[%emt 0:30:02]} Kg7 {[%emt 0:30:17]} 42. g4 {[%emt 0:05:25]} Kf6 {[%emt 0:00:00]} 43. Bd5 {[%emt 0:00:00]} Ke7 {[%emt 0:00:00]} 44. Kf3 {[%emt 0:00:00]} f6 {[%emt 0:00:00]} 45. Kf4 {[%emt 0:00:00]} Bd2 {[%emt 0:00:00]} 46. a4 {[%emt 0:00:00]} Kd6 {[%emt 0:00:00]} 47. Kf5 {[%emt 0:00:00]} Bc3 {[%emt 0:00:00]} 1-0

[Event "CZE Extraliga 2019-20"]
[Site "Czech Republic"]
[Date "2019.12.01"]
[Round "4.4"]
[White "Oral, Tomas"]
[Black "Roubalik, Jakub"]
[Result "1/2-1/2"]
[WhiteElo "2509"]
[BlackElo "2405"]
[Annotator "TA"]
[PlyCount "104"]
[EventDate "2019.09.15"]
[EventType "team-tourn"]
[EventCountry "CZE"]
[SourceTitle "playchess.com"]
[Source "ChessBase"]
[SourceQuality "1"]
[WhiteTeam "Lysa nad Labem "]
[BlackTeam "Duras"]

{[%evp 21,104,27,46,70,100,81,102,87,110,115,163,160,185,107,93,95,83,82,139,17,88,93,90,75,62,61,74,63,78,69,66,-14,-14,-14,-14,-14,-10,-14,-12,-9,-11,-20,-20,-20,-15,-37,-21,-18,0,0,0,-8,0,0,0,0,0,0,0,0,0,0,0,0,0,-8,0,-11,-19,-11,0,-2,-8,-8,-8,-19,0,-19,-24,-21,-11,-22,0,-22,0]} 1. e4 c5 2. Nf3 Nc6 3. Bb5 g6 4. Bxc6 bxc6 5. O-O Bg7 6. Re1 Nf6 7. e5 Nd5 8. c4 Nc7 9. d4 cxd4 10. Qxd4 Ne6 ({Predecessor:} 10... O-O 11. Qh4 {½-½ (59) Spaet,A (2019)-Voege,T (2043) Greifswald 2013}) 11. Qh4 O-O 12. Bh6 {B31: Sicilian: 2...Nc6 3 Bb5 g6} f6 13. Bxg7 Kxg7 14. Nc3 {White is better.} fxe5 $146 (14... h6 15. Nd4 Ng5 16. f4 Nf7 17. Rad1 Qb6 18. Kh1 fxe5 19. fxe5 Ng5 {1-0 (58) Quesada Perez,Y (2632)-Duran Vega,S (2377) Merida 2016}) 15. Nxe5 Rf4 {[#]} 16. Qg3 $1 Qf8 17. Rad1 ({Better is} 17. Ne2 $18 Rf5 18. Rad1) 17... d6 $16 18. Nxc6 Rxc4 19. Na5 Rc5 (19... Rd4 $142) 20. Rd5 ({White should try} 20. Nd5 $16) 20... Bd7 (20... Rc7 $1 $11) 21. Rxc5 Nxc5 22. b4 Ne6 23. Nd5 $1 Rc8 24. Qe3 Rc2 25. a3 Qf7 26. f3 (26. h3 $14) 26... Qf5 $11 27. Nxe7 Qf6 $1 {[%cal Rf6b2] [#] Threatens to win with ...Qb2.} 28. Nd5 $1 {[%cal Rd5f6]} Qb2 $1 29. Nf4 $1 (29. Qxa7 {leads to mate.} Rxg2+ 30. Kf1 Rxh2 31. Nf4 Nxf4 32. Re7+ Kh6 33. Rxh7+ Kxh7 34. Qxd7+ Kh6 35. Qh3+ Rxh3 36. Kg1 Qg2#) 29... Nxf4 30. Qxf4 {White threatens Re7+ and mate.} Rxg2+ 31. Kh1 {Intending Re7+ and mate.} Re2 32. Rxe2 Qxe2 {[%cal Re2f1]} 33. Qd4+ Kf7 {And now ...Qf1+ would win.} (33... Kg8 $5 34. Qc4+ $8 Qxc4 35. Nxc4 d5 $11) 34. Kg1 Qe1+ ({But not} 34... Qxf3 35. Nc4 $17) 35. Kg2 Qe2+ 36. Kg1 Qxf3 {Hoping for ...Kg8.} 37. Qxa7 Qg4+ 38. Kf2 Qh4+ 39. Kg1 Qg4+ 40. Kf2 Qh4+ 41. Kg1 Qe1+ 42. Kg2 Qe4+ 43. Kg3 Ke7 44. Qb7 Qe1+ 45. Kg2 Qd2+ 46. Kg3 Qg5+ 47. Kf2 Qh4+ 48. Kg1 Qe1+ 49. Kg2 Qe2+ 50. Kg1 $1 Qe3+ {The position is equal.} 51. Kg2 Qe2+ 52. Kg1 $1 Qe3+ {Accuracy: White = 71%, Black = 42%.} 1/2-1/2